01052nam a22002777a 4500003000500000005001700005008004100022020002900063040003300092041001500125082001200140100003500152240004600187245004600233260005500279300005300334336001400387337001800401338001500419490006800434500017700502520001300679585001200692650003900704700003100743322820220913120134.0220913b sa ||||| |||| 00| 0 eng d a9780521724487qpaperback aDLCbEnglishcDLCd3228eRDA aIsiNdebele aJF IMBU aAmanda Jesperson [and others]  a Little lost goat. Ndebele (South Africa) aImbuzana elahlekileko /cAmanda Jesperson aCape Town :bCambridge University Press, c©2007. a16 pages : bcolor illustrations ; c21 x 25 cm. atextbtxt aunmediatedbn avolumebnc aThe little library Little library (Cambridge University Press) aNdebele translation from the English of: The little lost goat. Cape Town : Cambridge University Press, c2007. Also available in the other South African official languages. aJuvenile 5Primary 2Goats aJuvenile worksvFiction  aAlida Bothma.eillustrator